LEADER 01162nam a2200325 a 4500 001 000000167272 003 CaOOAMICUS 005 20180419131308.0 008 180419s1973 it u000 u ita r 032 $aLibriCat 040 $aPUL$bita 041 1 $aita$hfre 100 1 $aMoscovici, Serge,$d1925-2014.$0(OLS)http://pul/name/64527 240 13$aLa societe contre nature.$lItaliano.$0(OLS)http://pul/title/207243 245 13$aLa societa contro natura / $cSerge Moscovici . 260 $aRoma :$bUbaldini,$cİ1973. 300 $a343 p. ;$c21 cm. 490 1 $aUlisse 650 04$aSociologia.$0(OLS)http://pul/subject/2611 830 0$aUlisse.$0(OLS)http://pul/title/61360 850 $aPUL 852 $aPUL$W1$xDP1 Fondo Dalla Palma$y117$m2 D 56$j157207$qFondi$B194818$CPULBib$Z2$F194818 $HDal2753 $81 941 1 $a1 960 $aSociology$92611 960 $aSociology$92611 960 $aScienze sociali$92611 960 $aScienze sociali$92611 996 $6245$aLa societa contro natura / $9(OLS)http://pul/title/207242 996 $6260$aRoma :$bUbaldini$9(OLS)http://pul/publisher/60242 LEADER 01403nam a2200337 u 4500 001 000000105457 003 CaOOAMICUS 005 20191028085134.0 008 070607s2007 it u000 u ita u 020 $z987-88-900992-3-6* 032 $aLibriCat 040 $aPUL$bita$dES 245 00$aIntroduzione al diritto comparato delle religioni /$ca cura di Silvio Ferrari, Antonio Neri. 260 $aLugano :$bEuPress,$c2007. 300 $a293 p. ;$c23 cm 490 1 $aPro manuscripto ;$v11 650 4$aDiritto e religione.$0(OLS)http://pul/subject/20548 650 04$aDiritto comparato.$0(OLS)http://pul/subject/489 700 1 $aFerrari, Silvio,$d1947-$0(OLS)http://pul/name/11587 700 1 $aNeri, Antonio.$0(OLS)http://pul/name/23239 830 0$aPro manuscripto ;$v11.$0(OLS)http://pul/title/106213 850 $aPUL 852 $aPUL$W1$xSL Diritto e Scienze Sociali 3$y79$m342. 08 FERSI 1$j122860$qDDC 21$q $B121848$CPULBib$Z2$F121848 $H104466 $81 941 1 $a9 960 $aDiritto ecclesiastico$920548 960 $aDiritto ecclesiastico$920548 960 $aReligione e diritto$920548 996 $6020$z987-88-900992-3-6*$9(OLS)http://pul/number/134671 996 $6245$aIntroduzione al diritto comparato delle religioni$9(OLS)http://pul/title/132723 996 $6260$aLugano :$bEuPress$9(OLS)http://pul/publisher/75991 LEADER 01389nam a2200301 u 4500 001 000000079719 003 CaOOAMICUS 005 20070226123553.0 008 040610s2004 it u000 u ita u 020 $a88-222-5324-8 035 $a10998706 040 $aEFR$bita 245 03$aLa mente di Giordano Bruno /$ca cura di Fabrizio Meroi ; saggio introduttivo di Michele Ciliberto. 260 $aFirenze :$bL.S. Olschki,$c2004. 300 $axxxvii, 591 p. ;$c24 cm 490 1 $aStudi e testi,$x0394-4400 ;$v43 504 $aNotes bibliogr. Index. 600 10$aBruno, Giordano,$d1548-1600$xCriticism and interpretation.$2//eng$0(OLS)http://pul/subject/20189 700 1 $aMeroi, Fabrizio,$d1966-$0(OLS)http://pul/name/53106 700 1 $aCiliberto, Michele,$d1945-$0(OLS)http://pul/name/52213 710 2 $aIstituto nazionale di studi sul Rinascimento.$0(OLS)http://pul/name/4901 830 0$aStudi e testi (Istituto nazionale di studi sul Rinascimento) ;$v43.$0(OLS)http://pul/title/6842 850 $aPUL 852 $aPUL$W1$xSL Filosofia 3$y81$m195 MERFA 2$j101956$nBK-PRI$qDDC 21$B101956$CPULBib$Z2$F101956 $HPUL97771 $82 941 1 $a9 996 $6020$a88-222-5324-8$9(OLS)http://pul/number/104984 996 $6245$aLa mente di Giordano Bruno$9(OLS)http://pul/title/104419 996 $6260$aFirenze :$bL.S. Olschki$9(OLS)http://pul/publisher/47916